Le dirigisme économique et les contrats: étude de droit comparé France-Egypte-U.R.S.S

Uloženo v:
Podrobná bibliografie
Hlavní autor: Khalil, Magdi Sobhy (Autor)
Médium: Kniha
Jazyk:francouzština
Vydáno: París Librairie Générale de Droit et de Jurisprudence 1967
Edice:Bibliothèque de Droit Privé, 77
Témata:
Tagy: Přidat tag
Žádné tagy, Buďte první, kdo vytvoří štítek k tomuto záznamu!

MARC

LEADER 00000nam a2200000 a 4500
001 UCS1320
003 CL-VaPUC
008 970509e19670000FR |||||||||||||||||fre|d
082 0 4 |a 346.022  |b KHA  |2 21 
100 0 |a Khalil, Magdi Sobhy  |e author  |9 385676 
245 1 3 |a Le dirigisme économique et les contrats: étude de droit comparé France-Egypte-U.R.S.S 
300 |a 413 p 
942 |c BK 
945 |d 19970509 00:00:00  |a paguirre 
260 |a París  |b Librairie Générale de Droit et de Jurisprudence  |c 1967 
650 0 |a Derecho civil  |9 255013 
650 0 |a Contratos  |9 255153 
650 0 |a Obligaciones   |9 255578 
650 0 |a Contratos comerciales  |9 374028 
650 0 |a Derecho comparado  |9 255664 
651 0 |a Francia  |9 255157 
651 0 |a Egipto   |9 268199 
651 0 |a Unión Soviética  |9 256769 
583 |a last modification  |c 19970509 00:00:00  |k Rodrigo Vera 
490 0 |a Bibliothèque de Droit Privé, 77 
999 |c 259416  |d 259414 
952 |0 0  |1 0  |4 0  |6 346_022000000000000_KHA_1967  |7 0  |8 A  |9 284137  |a BIBDER  |b BIBDER  |d 2019-11-19  |i 1845101  |o 346.022 KHA 1967  |p 1845101  |r 2023-01-25  |w 2019-11-19  |y BK  |k DER